000 01888nam a2200421 c 4500
999 _c126045
_d126045
003 BLK
005 20250122135447.0
008 180409b bul|||||r ||||||| ||bul||
010 _aKNG00131724000
040 _aBLK
041 _aBUL
_cBUL
072 7 _2bullib
_aК
_xКраезнание
072 7 _2bullib
_aЯ
_xАвтографи
080 _aИкономическа политика. Стопанско ръководство. Управление на стопанство. Стопанско планиране.
_b338.2
_x(497.2)
_z338.2(497.2)
100 1 _aБахаров, Васил Тодоров
_eпърви автор
_9319703
139 _aБахаров, Васил Тодоров
_bБ 30
245 1 0 _aСъвременното положение на българското обществено стопанство и изгледите за неговото развитие
_cВасил Тодоров Бахаров.
257 _aBGR
260 _c1922
_fРусе : Малджиев
300 _a31 с.
_c25 см
380 _a3
590 _aАвтографът е от автора за Георги Мушанов - председател на Търг. Инд. Камара, Русе, 12 юни 1923 г.
650 4 _aИкономически растеж - България
_9302783
650 4 _aБългария - стопанска политика
_9269884
651 4 _aБългария
_9241624
653 _aикономическо развитие
653 _aБългария
659 _aК
659 _aЯ
852 _aЦб 123305
852 _aК 338/Б 30 В
856 4 _qpdf
856 4 _qpdf
942 _cKNG
_n0
_s1
_01
944 _aCR
_c27.06.2012
_lВаля Йорданова
_k30558
944 _aED
_c30.10.2014
_l27.06.2012 - от С1,Р / 27.06.2012
999 _d126045